[Event "7. Arber-Open Bodenmais 2018"]
[Site "Bodenmais"]
[Date "2018.08.05"]
[Round "9.26"]
[White "Wolff, Peter"]
[Black "Steinbach, Peter"]
[Result "1-0"]
[WhiteElo "1894"]
[BlackElo "2000"]
[PlyCount "43"]
[EventDate "2018.??.??"]
[WhiteTeam "VSG Offenbach"]
[BlackTeam "SV Crailsheim"]

1. c4 b6 2. Nc3 Bb7 3. e4 e6 4. Nf3 Bb4 5. Bd3 Na6 6. Bc2 Nf6 7. Qe2 Bxc3 8.
dxc3 d6 9. b4 h6 10. O-O Qe7 11. Ba4+ c6 12. e5 dxe5 13. Nxe5 Rc8 14. Bf4 O-O
15. Rad1 Nb8 16. Rd3 Rfd8 17. Rg3 Kf8 18. Qe3 Ng8 19. Rf3 Ke8 20. Nxf7 Qxf7 21.
Bxb8 Nf6 22. Bxa7 1-0

[Event "7. Arber-Open Bodenmais 2018"]
[Site "Bodenmais"]
[Date "2018.08.05"]
[Round "9.27"]
[White "Scheuerer, Werner"]
[Black "Reuter, Roland"]
[Result "1-0"]
[WhiteElo "1828"]
[BlackElo "1953"]
[PlyCount "117"]
[EventDate "2018.??.??"]
[WhiteTeam "SC Garching"]
[BlackTeam "SK Schwabach"]

1. f4 d5 2. Nf3 Nf6 3. g3 e6 4. Bg2 Bc5 5. d4 Be7 6. O-O O-O 7. c3 c5 8. e3 Nc6
9. Ne5 Qc7 10. Nd2 b5 11. g4 g6 12. Nb3 c4 13. Nd2 Bb7 14. Bf3 Rad8 15. b4 a5
16. a3 axb4 17. axb4 Ra8 18. Ba3 Ra6 19. Qc2 Rfa8 20. Bb2 Nd7 21. Nxd7 Qxd7 22.
Rab1 Ra2 23. Ra1 Qd8 24. Rxa2 Rxa2 25. Ra1 Rxa1+ 26. Bxa1 Bd6 27. Nf1 Qf6 28.
g5 Qd8 29. Bb2 Qa8 30. Bc1 Bxb4 31. cxb4 Nxb4 32. Qb1 Qa4 33. Bd2 Na2 34. Bd1
Qa6 35. Qb2 Bc6 36. Bc2 b4 37. Bxb4 Nxb4 38. Qxb4 Qa2 39. Qc3 Ba4 40. Bxa4 Qxa4
41. Nd2 Kf8 42. Kf2 Ke8 43. Ke2 Kd7 44. e4 Kc6 45. exd5+ exd5 46. Qb2 Kc7 47.
Nf3 Qa6 48. Qc3 Kd6 49. Qb4+ Ke6 50. Ke3 Qc6 51. Ne5 Qa6 52. h3 Kf5 53. Nxf7
Qa1 54. Nh6+ Ke6 55. Qb6+ Kd7 56. Qb7+ Ke6 57. Qc6+ Ke7 58. Qc7+ Ke6 59. f5+
1-0

[Event "7. Arber-Open Bodenmais 2018"]
[Site "Bodenmais"]
[Date "2018.08.05"]
[Round "9.28"]
[White "Tober, Julian"]
[Black "Brock, Ditmar"]
[Result "0-1"]
[WhiteElo "1820"]
[BlackElo "1933"]
[PlyCount "66"]
[EventDate "2018.??.??"]
[WhiteTeam "SV Unser Fritz"]
[BlackTeam "SC Bad KÃ¶tzting"]

1. e4 c5 2. Nf3 d6 3. d4 cxd4 4. Nxd4 Nf6 5. f3 e5 6. Nb3 Be6 7. Be3 Nbd7 8. c4
Qc7 9. N3d2 b5 10. cxb5 d5 11. exd5 Nxd5 12. Bf2 Bc5 13. Na3 Bxf2+ 14. Kxf2 O-O
15. Nac4 Qc5+ 16. Ke1 f5 17. g3 N5f6 18. Be2 e4 19. Nb3 Qxb5 20. Nd4 Qd5 21.
Ne3 Qa5+ 22. Kf1 Nd5 23. Nxd5 Bxd5 24. Nb5 Nf6 25. Nc3 Rad8 26. Nxd5 Nxd5 27.
Bc4 Kh8 28. Qe1 Qb6 29. Bxd5 Rxd5 30. Qf2 e3 31. Qc2 Rd2 32. Qc3 Qa6+ 33. Kg1
Qe2 0-1

[Event "7. Arber-Open Bodenmais 2018"]
[Site "Bodenmais"]
[Date "2018.08.05"]
[Round "9.29"]
[White "Lehmann, Tim"]
[Black "Albrecht, Manuel"]
[Result "1-0"]
[WhiteElo "1915"]
[BlackElo "1863"]
[PlyCount "35"]
[EventDate "2018.??.??"]
[WhiteTeam "SV Lahn Limburg"]
[BlackTeam "SK Landau-Dingolfing"]

1. d4 Nf6 2. Bf4 d5 3. e3 c5 4. c3 Nc6 5. Nd2 e6 6. Ngf3 cxd4 7. exd4 Nh5 8.
Be3 Bd6 9. Ne5 g6 10. Bb5 Qb6 11. Qa4 O-O 12. Nxc6 Bd7 13. Ne7+ Bxe7 14. Bxd7
a6 15. Qc2 Qc7 16. Ba4 b5 17. Bb3 a5 18. Qd3 1-0

[Event "7. Arber-Open Bodenmais 2018"]
[Site "Bodenmais"]
[Date "2018.08.05"]
[Round "9.31"]
[White "Schreiber, Egwin"]
[Black "Grabmeier, Johannes"]
[Result "1/2-1/2"]
[WhiteElo "1586"]
[BlackElo "1906"]
[PlyCount "25"]
[EventDate "2018.??.??"]
[WhiteTeam "SV Deggendorf"]
[BlackTeam "SV Deggendorf"]

1. e4 d5 2. exd5 Nf6 3. Nf3 Bg4 4. c4 c6 5. dxc6 Nxc6 6. Be2 e5 7. O-O Be7 8.
Nc3 O-O 9. d3 Re8 10. Bg5 h6 11. Bxf6 Bxf6 12. Qb3 Qd7 13. Nd5 1/2-1/2

[Event "7. Arber-Open Bodenmais 2018"]
[Site "Bodenmais"]
[Date "2018.08.05"]
[Round "9.32"]
[White "Godoj, Veit"]
[Black "Kronschnabl, Matthias"]
[Result "1-0"]
[WhiteElo "2017"]
[BlackElo "1751"]
[PlyCount "49"]
[EventDate "2018.??.??"]
[WhiteTeam "KÃ¶nigsjÃ¤ger SW Berlin"]
[BlackTeam "SC Bayerwald"]

1. e4 e5 2. Nf3 Nc6 3. Bc4 Nf6 4. d3 h6 5. O-O Bc5 6. c3 d6 7. Bb3 O-O 8. Nbd2
Bg4 9. Re1 a6 10. h3 Bh5 11. Nf1 Nd7 12. g4 Bg6 13. Ng3 Kh8 14. Kg2 Ne7 15. h4
f6 16. h5 Bf7 17. Nh4 d5 18. f3 dxe4 19. fxe4 Bb6 20. Bc2 c5 21. Ngf5 Nxf5 22.
Nxf5 c4 23. Bxh6 gxh6 24. Qd2 Rg8 25. Qxh6# 1-0

[Event "7. Arber-Open Bodenmais 2018"]
[Site "Bodenmais"]
[Date "2018.08.05"]
[Round "9.34"]
[White "Stehlik, Christian"]
[Black "Hrdina, Karl"]
[Result "0-1"]
[WhiteElo "1747"]
[BlackElo "1957"]
[PlyCount "56"]
[EventDate "2018.??.??"]
[WhiteTeam "SC Bayerwald"]
[BlackTeam "SV MÃ¶dling"]

1. e4 e5 2. Nf3 Nc6 3. Bb5 a6 4. Ba4 Nf6 5. Nc3 b5 6. Bb3 Be7 7. d3 O-O 8. Be3
d6 9. Nd5 Na5 10. d4 Nxd5 11. exd5 e4 12. Nd2 f5 13. c4 f4 14. Bxf4 Rxf4 15.
Bc2 Bg4 16. Qb1 Nxc4 17. Nxe4 Qf8 18. g3 Rf7 19. b3 Na3 20. Qb2 Nxc2+ 21. Qxc2
Bf6 22. h3 Bf3 23. O-O Re8 24. Nxf6+ Rxf6 25. Qxc7 Rh6 26. Kh2 Bxd5 27. Qc2 Qf3
28. Rg1 Rxh3+ 0-1

[Event "7. Arber-Open Bodenmais 2018"]
[Site "Bodenmais"]
[Date "2018.08.05"]
[Round "9.35"]
[White "Kneutgen, Alexander"]
[Black "Bruening, Martin"]
[Result "1/2-1/2"]
[WhiteElo "1933"]
[BlackElo "1736"]
[PlyCount "137"]
[EventDate "2018.??.??"]
[WhiteTeam "SG Niederkassel"]
[BlackTeam "TuS Syke"]

1. Nf3 d5 2. g3 Nf6 3. Bg2 c5 4. O-O Nc6 5. d4 e6 6. c4 dxc4 7. dxc5 Bxc5 8.
Qxd8+ Kxd8 9. Nbd2 Ke7 10. Nxc4 Bd7 11. Rd1 Rhd8 12. Bg5 Be8 13. a3 a5 14. e3
h6 15. Bxf6+ Kxf6 16. Ncd2 Ba7 17. Ne4+ Ke7 18. Nc3 Rxd1+ 19. Rxd1 Rd8 20. Rxd8
Nxd8 21. Nd4 f6 22. Be4 g5 23. Kf1 Bd7 24. Ke1 f5 25. Bf3 b6 26. Kd2 Bb8 27.
Bd1 Nc6 28. Nxc6+ Bxc6 29. Ba4 Bf3 30. Bb5 e5 31. Bd3 Ke6 32. e4 f4 33. Be2
Bxe2 34. Kxe2 fxg3 35. fxg3 g4 36. Nd5 b5 37. Nc3 b4 38. axb4 axb4 39. Na2 Bd6
40. b3 Bc5 41. Nc1 h5 42. Nd3 Kd6 43. Kf1 Bb6 44. Nxb4 Kc5 45. Nc2 Kb5 46. Kg2
Bc5 47. h3 Bb6 48. hxg4 hxg4 49. Kf1 Bc5 50. Ke2 Bb6 51. Ne1 Bd4 52. Nd3 Ka5
53. Kd2 Kb5 54. Kc2 Ka5 55. Kb1 Kb5 56. Ka2 Ka5 57. Ka3 Kb5 58. Ka2 Ka5 59. Kb1
Kb5 60. Kc2 Ka5 61. Nb2 Kb4 62. Nc4 Kc5 63. Nb2 Kb4 64. Nd1 Kc5 65. Nc3 Bf2 66.
Ne2 Kb4 67. Kb2 Be1 68. Kc2 Bf2 69. Kb2 1/2-1/2

[Event "7. Arber-Open Bodenmais 2018"]
[Site "Bodenmais"]
[Date "2018.08.05"]
[Round "9.36"]
[White "Simacek, Vaclav"]
[Black "Naumann, Thomas"]
[Result "1/2-1/2"]
[WhiteElo "1868"]
[BlackElo "1710"]
[PlyCount "99"]
[EventDate "2018.??.??"]
[WhiteTeam "Å K Sokol Klatovy"]
[BlackTeam "ESV Lok DÃ¶beln"]

1. e4 d6 2. d4 Nf6 3. Nc3 g6 4. Nf3 Bg7 5. Bc4 O-O 6. O-O Nxe4 7. Nxe4 d5 8.
Bd3 dxe4 9. Bxe4 Nd7 10. c3 Nf6 11. Bd3 Qd6 12. Ne5 c5 13. Be3 b6 14. Be2 Bb7
15. Nc4 Qd5 16. Bf3 Qxc4 17. Bxb7 Rab8 18. Bf3 cxd4 19. Bxd4 Rbd8 20. Qb3 Qc7
21. Rfe1 e6 22. Be5 Qc5 23. Rad1 Qe7 24. Bg3 Rxd1 25. Rxd1 Rd8 26. h3 Rxd1+ 27.
Qxd1 e5 28. Bc6 Nh5 29. Bh2 h6 30. Qe2 Qe6 31. Bf3 Qxa2 32. Bxh5 gxh5 33. Bg3
Qb1+ 34. Kh2 Qf5 35. f3 Bf6 36. Qe4 Qxe4 37. fxe4 h4 38. Bf2 Bg5 39. Kg1 Kf8
40. Kf1 Ke7 41. Ke2 Ke6 42. Kd3 f5 43. b3 Bd8 44. c4 Be7 45. Be1 Bd8 46. Bb4
Bg5 47. Bf8 h5 48. c5 bxc5 49. Bxc5 a6 50. Bb4 1/2-1/2

[Event "7. Arber-Open Bodenmais 2018"]
[Site "Bodenmais"]
[Date "2018.08.05"]
[Round "9.37"]
[White "Lehmann, Nils"]
[Black "Horther-Schneider, Elsbeth"]
[Result "1/2-1/2"]
[WhiteElo "1681"]
[BlackElo "1839"]
[PlyCount "59"]
[EventDate "2018.??.??"]
[WhiteTeam "SV Lahn Limburg"]
[BlackTeam "SC Windischeschenbach"]

1. e4 e6 2. d4 d5 3. Nd2 dxe4 4. Nxe4 Nf6 5. Nxf6+ Qxf6 6. Nf3 h6 7. Be3 Bd7 8.
c3 Bd6 9. Be2 Bc6 10. O-O Nd7 11. Qb3 g5 12. Nd2 Qg6 13. Bb5 O-O 14. Bxc6 bxc6
15. Qa4 Qh5 16. g3 Nf6 17. Qxc6 Rfb8 18. Nc4 Ng4 19. Qg2 Be7 20. b3 Rd8 21. h3
Nf6 22. g4 Qg6 23. Qb7 Bd6 24. Nxd6 cxd6 25. c4 d5 26. c5 Qe4 27. Rae1 Qc2 28.
Qa6 Rdc8 29. Qe2 Qc3 30. Rc1 1/2-1/2

[Event "7. Arber-Open Bodenmais 2018"]
[Site "Bodenmais"]
[Date "2018.08.05"]
[Round "9.39"]
[White "Fuchs, Florian"]
[Black "Titze, Karsten"]
[Result "1-0"]
[WhiteElo "1621"]
[BlackElo "1852"]
[PlyCount "43"]
[EventDate "2018.??.??"]
[WhiteTeam "DJK SF Haselbach"]
[BlackTeam "vereinslos"]

1. e4 c6 2. d4 Nf6 3. e5 Nd5 4. c4 Nc7 5. Nc3 d6 6. f4 dxe5 7. fxe5 Bf5 8. Nf3
h6 9. Be3 e6 10. Be2 Be7 11. O-O O-O 12. Qd2 Kh7 13. Rad1 Nd7 14. Bd3 Bg6 15.
Bb1 Bxb1 16. Rxb1 c5 17. d5 exd5 18. cxd5 Ne8 19. d6 Bg5 20. Bxg5 hxg5 21.
Nxg5+ Kg6 22. Nxf7 1-0

[Event "7. Arber-Open Bodenmais 2018"]
[Site "Bodenmais"]
[Date "2018.08.05"]
[Round "9.40"]
[White "Brassat, Juergen"]
[Black "Zametzer, Marcus"]
[Result "1/2-1/2"]
[WhiteElo "1839"]
[BlackElo "1293"]
[PlyCount "29"]
[EventDate "2018.??.??"]
[WhiteTeam "SC Bavaria Regensburg von 1881"]
[BlackTeam "SK Mangfalltal"]

1. d4 Nf6 2. c4 g6 3. Nf3 Bg7 4. g3 d6 5. Bg2 O-O 6. O-O Nbd7 7. Nc3 e5 8. d5
Nc5 9. Nd2 Nh5 10. e4 f5 11. exf5 Rxf5 12. Nde4 Nxe4 13. Nxe4 Rf8 14. Be3 Nf6
15. Bg5 1/2-1/2

[Event "7. Arber-Open Bodenmais 2018"]
[Site "Bodenmais"]
[Date "2018.08.05"]
[Round "9.41"]
[White "Karner, Carl-Philipp"]
[Black "Wunderlich, Matthias"]
[Result "0-1"]
[WhiteElo "1555"]
[BlackElo "1826"]
[PlyCount "64"]
[EventDate "2018.??.??"]
[WhiteTeam "ASV Burglengenfeld"]
[BlackTeam "BSV-KW JÃ¤nschwalde"]

1. e4 d5 2. exd5 Nf6 3. Nf3 Bg4 4. Be2 Qxd5 5. Nc3 Qf5 6. O-O Nc6 7. d3 e5 8.
Be3 O-O-O 9. Ng5 Bxe2 10. Qxe2 Qg6 11. a3 Bd6 12. b4 Rhe8 13. Nge4 Nd4 14. Qd1
Bf8 15. Nxf6 Qxf6 16. Qg4+ Kb8 17. Bxd4 Rxd4 18. Qh3 Rh4 19. Ne4 Qh6 20. Qd7
Rc8 21. h3 g5 22. Qxf7 g4 23. Ng3 gxh3 24. Nf5 Qf4 25. g3 Qf3 26. Nxh4 Qxf7 27.
Kh2 Be7 28. Kxh3 Bxh4 29. Kxh4 Rg8 30. Rae1 Qf3 31. Re4 Rg6 32. g4 Rh6+ 0-1

[Event "7. Arber-Open Bodenmais 2018"]
[Site "Bodenmais"]
[Date "2018.08.05"]
[Round "9.42"]
[White "Steppuhn, Simone"]
[Black "Neumann, Lutz"]
[Result "1-0"]
[WhiteElo "1570"]
[BlackElo "1815"]
[PlyCount "123"]
[EventDate "2018.??.??"]
[WhiteTeam "BrÃ¼hler SK"]
[BlackTeam "BSV Ehrenfriedersdorf"]

1. d4 d5 2. c4 e6 3. Nc3 Nf6 4. Nf3 Be7 5. Bg5 O-O 6. e3 c6 7. Rc1 Nbd7 8. Qc2
dxc4 9. Bxc4 Nd5 10. Bxe7 Qxe7 11. Ne4 N7f6 12. Nxf6+ Nxf6 13. Bd3 Qb4+ 14. Ke2
h6 15. Rhd1 Re8 16. Kf1 Nd7 17. a3 Qe7 18. Ne5 Nxe5 19. dxe5 Rd8 20. Bh7+ Kh8
21. Rxd8+ Qxd8 22. Rd1 Qe7 23. Be4 Bd7 24. Qd2 Be8 25. Qd6 Qxd6 26. Rxd6 Kg8
27. f4 Kf8 28. Bf3 Ke7 29. b4 Rd8 30. Rd4 Rc8 31. Rc4 b6 32. Ke1 c5 33. bxc5
Rxc5 34. Rxc5 bxc5 35. Kd2 Kd7 36. Kc3 Kc7 37. g3 Kb6 38. Bd1 Bc6 39. Bc2 Bb5
40. h4 Ka5 41. g4 Be2 42. g5 hxg5 43. fxg5 Kb5 44. Bb3 c4 45. Bc2 Kc5 46. Be4
Bh5 47. Bb7 Bg6 48. Bf3 Bf5 49. h5 Bh7 50. h6 g6 51. e4 Bg8 52. Be2 Kb5 53.
Bxc4+ Kc5 54. a4 a5 55. Bb5 Bh7 56. Bd7 Kb6 57. Be8 Bg8 58. Bxf7 Bh7 59. Bxe6
Kc5 60. Bd5 Kb6 61. Kc4 Kc7 62. Kb5 1-0

[Event "7. Arber-Open Bodenmais 2018"]
[Site "Bodenmais"]
[Date "2018.08.05"]
[Round "9.43"]
[White "Thullen, Andre"]
[Black "Bergmann, Reiner"]
[Result "0-1"]
[WhiteElo "1570"]
[BlackElo "1808"]
[PlyCount "58"]
[EventDate "2018.??.??"]
[WhiteTeam "SV Urmitz"]
[BlackTeam "SC Bayerwald"]

1. d4 Nf6 2. Nf3 g6 3. c4 Bg7 4. Nc3 O-O 5. Bf4 d6 6. Qd2 Re8 7. Rd1 Bf5 8. e3
Nh5 9. Bg3 Nxg3 10. hxg3 Nd7 11. Bd3 Bg4 12. Be2 c5 13. Ng5 Bxe2 14. Qxe2 h6
15. Nf3 Rc8 16. O-O a6 17. Qc2 b5 18. d5 Qa5 19. Rc1 Nb6 20. cxb5 axb5 21. Qb3
b4 22. Ne2 c4 23. Qd1 Bxb2 24. Rb1 Qxa2 25. Qc2 c3 26. Nc1 Qxd5 27. Nb3 Nc4 28.
Rbd1 Qa8 29. Nfd4 e5 0-1

[Event "7. Arber-Open Bodenmais 2018"]
[Site "Bodenmais"]
[Date "2018.08.05"]
[Round "9.44"]
[White "Kochendoerfer, Juergen"]
[Black "Wudi, Tobias"]
[Result "1-0"]
[WhiteElo "1776"]
[BlackElo "1491"]
[PlyCount "103"]
[EventDate "2018.??.??"]
[WhiteTeam "SV Crailsheim"]
[BlackTeam "SC Bayerwald"]

1. b3 e5 2. Bb2 Nc6 3. e3 d5 4. Bb5 Bd6 5. Nf3 Qe7 6. c4 Nf6 7. Nc3 d4 8. Nd5
Nxd5 9. cxd5 a6 10. Bxc6+ bxc6 11. dxc6 dxe3 12. O-O exf2+ 13. Kh1 O-O 14. Rxf2
Bg4 15. Qc2 h6 16. Re1 f6 17. d4 Bxf3 18. Rxf3 Kh8 19. Rfe3 Rae8 20. Qd3 Bb4
21. R1e2 Qd6 22. Qc4 a5 23. g3 Qe6 24. dxe5 Qxc4 25. bxc4 Bc5 26. Rd3 fxe5 27.
Bxe5 Kg8 28. Rd5 Bb4 29. Kg2 Rf7 30. Rf2 Rxf2+ 31. Kxf2 Re6 32. Ke3 Rxc6 33.
Kd4 Bd6 34. Bxd6 cxd6 35. Rxa5 Kf7 36. Ra7+ Kf6 37. a4 Rb6 38. Kd5 Rb4 39. a5
Ra4 40. a6 g5 41. Ra8 Kf5 42. Rd8 Rxa6 43. Rxd6 Ra5+ 44. Kc6 h5 45. Rd5+ Rxd5
46. cxd5 Kg4 47. d6 Kh3 48. d7 Kxh2 49. d8=Q g4 50. Qh4+ Kg2 51. Kd5 Kf3 52.
Qh2 1-0

[Event "7. Arber-Open Bodenmais 2018"]
[Site "Bodenmais"]
[Date "2018.08.05"]
[Round "9.45"]
[White "Lindstaedt, Erik"]
[Black "Bartels, Vladimir"]
[Result "0-1"]
[WhiteElo "919"]
[BlackElo "1739"]
[PlyCount "58"]
[EventDate "2018.??.??"]
[WhiteTeam "SV Unser Fritz"]
[BlackTeam "Niederlande"]
[BlackTeamCountry "NED"]

1. e4 e5 2. f4 exf4 3. Nf3 g5 4. Nc3 g4 5. Ne5 Qh4+ 6. g3 fxg3 7. Qxg4 Qxg4 8.
Nxg4 gxh2 9. Rxh2 h5 10. Bc4 c6 11. Ne5 Bd6 12. Nxf7 Bxh2 13. Nxh8 Ne7 14. Nf7
d5 15. Nd6+ Bxd6 16. exd5 Bg3+ 17. Ke2 Bg4+ 18. Kf1 Bh3+ 19. Ke2 Bg2 20. d4
cxd5 21. Bd2 h4 22. Be1 Bxe1 23. Kxe1 dxc4 24. Kf2 h3 25. Ne2 Ng6 26. Ng3 Nd7
27. Rg1 Nf4 28. Nf1 O-O-O 29. Ne3 h2 0-1

[Event "7. Arber-Open Bodenmais 2018"]
[Site "Bodenmais"]
[Date "2018.08.05"]
[Round "9.47"]
[White "Merkl, Michael"]
[Black "Stowicek, Lars"]
[Result "1-0"]
[WhiteElo "1689"]
[BlackElo "1275"]
[PlyCount "83"]
[EventDate "2018.??.??"]
[WhiteTeam "TSV KÃ¶sching"]
[BlackTeam "USV Halle"]

1. e4 e5 2. Nf3 Nc6 3. Bc4 Nf6 4. d3 h6 5. c3 d6 6. Nbd2 Be7 7. Nf1 O-O 8. Bb3
a6 9. Ng3 Bg4 10. h3 Bxf3 11. Qxf3 Re8 12. Nf5 Bf8 13. Qg3 Kh8 14. Bxf7 Re7 15.
Nxe7 Qxe7 16. Bb3 Nh5 17. Qf3 Nf4 18. Bxf4 exf4 19. Qxf4 Ne5 20. Qe3 Qf6 21.
O-O c5 22. Bd5 Rb8 23. b4 b6 24. Rab1 Be7 25. d4 Ng6 26. bxc5 dxc5 27. e5 Qf8
28. f4 Qd8 29. Qe4 Nf8 30. Kh1 a5 31. Bc4 cxd4 32. cxd4 Bb4 33. Bd3 Qh4 34.
Rbc1 Qg3 35. Rc7 Bd2 36. Rf7 Kg8 37. Bc4 Kh8 38. Qf5 Rd8 39. Rxf8+ Rxf8 40.
Qxf8+ Kh7 41. Qf5+ Kh8 42. Bd3 1-0

[Event "7. Arber-Open Bodenmais 2018"]
[Site "Bodenmais"]
[Date "2018.08.05"]
[Round "9.48"]
[White "Tiggemann, Felix"]
[Black "Karayilan, Nilufer"]
[Result "1-0"]
[WhiteElo "1490"]
[BlackElo "1326"]
[PlyCount "79"]
[EventDate "2018.??.??"]
[WhiteTeam "SF SchÃ¶neck"]
[BlackTeam "SV Doorn Driebergen"]

1. e4 c5 2. Nf3 e6 3. d4 cxd4 4. Nxd4 a6 5. Bd3 Qc7 6. O-O Bc5 7. Be3 Nf6 8. f3
Nc6 9. c3 O-O 10. Qe2 b5 11. Nxc6 Bxe3+ 12. Qxe3 dxc6 13. Nd2 Bb7 14. c4 Rfd8
15. Rac1 Qd6 16. Rc3 b4 17. Rb3 e5 18. Rd1 c5 19. Be2 Qc7 20. Rd3 Rd7 21. Rxd7
Nxd7 22. Nb3 a5 23. Qd2 Bc6 24. Qd6 Qb6 25. Bf1 a4 26. Nc1 Re8 27. g3 Re6 28.
Qd2 f6 29. Bh3 Re7 30. Qd6 Kf7 31. Kf2 g6 32. Ke2 h6 33. Nd3 Bb7 34. Qxb6 Nxb6
35. Nxc5 Nxc4 36. Rd7 Bc6 37. Be6+ Ke8 38. Rxe7+ Kxe7 39. Bxc4 Be8 40. Na6 1-0

[Event "7. Arber-Open Bodenmais 2018"]
[Site "Bodenmais"]
[Date "2018.08.05"]
[Round "9.49"]
[White "Hoffmann, Steffen"]
[Black "Goerl, Peter"]
[Result "1-0"]
[WhiteElo "1417"]
[BlackElo "1315"]
[PlyCount "47"]
[EventDate "2018.??.??"]
[WhiteTeam "SC NT NÃ¼rnberg"]
[BlackTeam "SC Gardez-Viechtach"]

1. e4 e5 2. Bc4 Nf6 3. Nc3 Nc6 4. Nf3 d6 5. h3 Be7 6. d3 h6 7. O-O O-O 8. Be3
Nh5 9. Nd5 Bf6 10. Nh2 Nf4 11. Ng4 Bxg4 12. hxg4 Nxd5 13. Bxd5 Qd7 14. c3 b6
15. f4 exf4 16. Bxf4 Rae8 17. Qd2 Ne5 18. g5 hxg5 19. Bxg5 Bxg5 20. Qxg5 Nxd3
21. Rf3 Ne5 22. Rg3 g6 23. Qh6 Ng4 24. Qxg6+ 1-0

[Event "7. Arber-Open Bodenmais 2018"]
[Site "Bodenmais"]
[Date "2018.08.05"]
[Round "9.50"]
[White "Rempe, Lennik"]
[Black "Nusser, Hans-Karl"]
[Result "0-1"]
[WhiteElo "1143"]
[BlackElo "1743"]
[PlyCount "46"]
[EventDate "2018.??.??"]
[WhiteTeam "SK Doppelbauer Kiel"]
[BlackTeam "MÃ¼nchener SC"]

1. e4 c5 2. Nf3 d6 3. d4 cxd4 4. Nxd4 Nf6 5. Nc3 g6 6. Be2 Bg7 7. Be3 O-O 8.
O-O Nc6 9. f4 Bd7 10. f5 Ne5 11. fxg6 fxg6 12. a4 Rc8 13. Qd2 Nc4 14. Qd3 Nxb2
15. Qd2 Nc4 16. Qd3 Nxe3 17. Qxe3 Qc7 18. Ra3 Qc5 19. Rb3 Ng4 20. Rxf8+ Rxf8
21. Bxg4 Bxd4 22. Qxd4 Qxd4+ 23. Kh1 Rf1# 0-1

[Event "7. Arber-Open Bodenmais 2018"]
[Site "Bodenmais"]
[Date "2018.08.05"]
[Round "9.51"]
[White "Hildebrand, Georg"]
[Black "Bartels, Christian"]
[Result "1-0"]
[WhiteElo "1462"]
[BlackElo "1614"]
[PlyCount "21"]
[EventDate "2018.??.??"]
[WhiteTeam "SK Marburg"]
[BlackTeam "Niederlande"]
[BlackTeamCountry "NED"]

1. c4 Nf6 2. Nc3 g6 3. g3 d6 4. Bg2 Bg7 5. d3 c6 6. Rb1 Bg4 7. Ne4 O-O 8. Bd2
c5 9. Qc1 Qd7 10. b4 b6 11. Nxf6+ 1-0

[Event "7. Arber-Open Bodenmais 2018"]
[Site "Bodenmais"]
[Date "2018.08.05"]
[Round "9.52"]
[White "Schmied, Eva-Maria"]
[Black "Krawiec, Jan"]
[Result "1/2-1/2"]
[WhiteElo "1559"]
[BlackElo "1460"]
[PlyCount "27"]
[EventDate "2018.??.??"]
[WhiteTeam "SC Mpoe Maria Saal"]
[BlackTeam "SV Unser Fritz"]

1. e4 e5 2. Nf3 Nc6 3. Bb5 a6 4. Ba4 Nf6 5. O-O Nxe4 6. d4 Bd6 7. Re1 f5 8.
dxe5 Nxe5 9. Nxe5 Bxe5 10. f3 Qh4 11. fxe4 Qxh2+ 12. Kf1 Qh1+ 13. Kf2 Qh4+ 14.
Kg1 1/2-1/2

[Event "7. Arber-Open Bodenmais 2018"]
[Site "Bodenmais"]
[Date "2018.08.05"]
[Round "9.53"]
[White "Schloegl, Andreas"]
[Black "Hedzic, Omer"]
[Result "0-1"]
[WhiteElo "1204"]
[BlackElo "1470"]
[PlyCount "60"]
[EventDate "2018.??.??"]
[WhiteTeam "SC Beilngries"]
[BlackTeam "SC Bayerwald"]

1. e4 e6 2. Nc3 c5 3. Bb5 a6 4. Bc4 b5 5. Bd3 Nc6 6. Nf3 Bb7 7. e5 g6 8. Be4 d5
9. exd6 Bxd6 10. d4 Qb6 11. Be3 O-O-O 12. O-O cxd4 13. Nxd4 Qc7 14. Nf3 Bxh2+
15. Nxh2 Rxd1 16. Raxd1 f5 17. Bf3 Nf6 18. Rfe1 Rd8 19. Rxd8+ Nxd8 20. Bxb7+
Nxb7 21. Bg5 Qf7 22. Bxf6 Qxf6 23. Nf3 Nc5 24. Ne5 b4 25. Nd1 g5 26. c3 Ne4 27.
Nc4 bxc3 28. Nxc3 Nxc3 29. bxc3 Qxc3 30. Nd6+ Kd7 0-1